000 00460nam a22001937a 4500
003 MPLRDC
005 20220104144538.0
008 210129b ||||| |||| 00| 0 eng d
020 _a957-13-2902-9
082 _a855 DCZ-2
100 _a戴晨志
245 _a激励高手
_c
250 _a初版
260 _a
_b时报文化
_c1999
300 _b
490 _a戴晨志作品集: 9
650 _a散文;随笔、日记
942 _cBK
_o855 DCZ-2
999 _c50653
_d50643